000 00823nam a22002777a 4500
001 BR7802644
003 BR-BrBNA
005 20230928085559.0
007 ta
008 230509b bl.||||| |||| 00| 0 por d
040 _aBR-BrBNA
_bpor
_cBiblioteca Nacional de Agricultura
041 _a(Por)
072 _aF50
_b1112
_b/G514
090 _ 1112 BR7802644
100 1 _aPadua, T. de
110 1 _aEscola Superior de Agricultura de Lavras, MG (Brasil)
_0Tese (Mestrado)
245 1 _aCaracterizacao agronomica do cacho da bananeira "prata" [Musa sp; Brasil]
260 3 _aLavras, MG (Brasil):
_c1978.
300 _a117 p.
500 _a60 illus.; 21 ref. Summaries (Eng, Por)
650 _aEstrutura vegetal
650 _aBanana prata
650 _aCacho
909 _a202309
_bLucia
_c55
_dLucia Elande
942 _cBK
999 _c25209
_d25209